000 01305nam a2200349 a 4500
100 _aВерн, Жул
_9263632
999 _c354732
_d354732
003 BLK
005 20231220005223.0
008 200317b bul|||||r ||||||| ||bul||
010 _aKNG00007477RET
020 _aБК 6647
040 _aBLK
041 _aBUL
_cBUL
080 _aФренска литература
_b821.133.1
_x-31
_z821.133.1-31
139 _aВерн, Жул
_bВ 50
245 1 0 _aПътувание около света в 80 дни
_cЖул Верн ; Прев. И. С.
257 _aBGR
260 _aСофия, Пловдив и Русчук
_bХр. Г. Данов
_c1880
_fПловдив : печ. Я. С. Ковачев, 1880
300 _a274 с.
_c25 см
380 _aX
500 _aПълното име на прев. Иван Салабашев. Поместено във в. Марица, бр. 157-195, 1880. Същият набор пригоден и за самостоятелно изд.
700 1 _aИ. С.
_eПрев.
_9405012
700 1 _aСалабашев, Иван
_9118543
852 _aК 821/В 50
856 4 _qpdf
_u
856 4 _qpdf
_u
942 _cKNG
_n0
_s1
944 _aCR
_k
_lCRON CRON
999 _d354732
999 _d354732
999 _d348709